| 000 | 00871cab a2200289 4500 | ||
|---|---|---|---|
| 001 | ABS67594 | ||
| 008 | 040329n2004 000 0 eng u | ||
| 035 | _a(Sirsi) u125622 | ||
| 245 | _aFocus 2: West Midlands | ||
| 260 | _c2004 | ||
| 490 |
_aEstates Gazette _v(0410) 6 March 2004, 107-159(17) |
||
| 590 | _aABS | ||
| 650 | _aWEST MIDLANDS | ||
| 650 | _aCOVENTRY | ||
| 650 | _aBIRMINGHAM | ||
| 650 | _aBLACK COUNTRY | ||
| 650 | _aM6 TOLL | ||
| 650 | _aM42 CORRIDOR | ||
| 650 | _aPROPERTY-COMMERCIAL PROPERTY-OFFICE PROPERTY-OFFICE PROPERTY MARKET | ||
| 650 | _aPROPERTY-COMMERCIAL PROPERTY-RETAIL PROPERTY-RETAIL PROPERTY MARKET | ||
| 650 | _aINDUSTRIAL MARKET | ||
| 650 | _aBUSINESS PARKS | ||
| 650 | _aBUSINESS IMPROVEMENT DISTRICTS | ||
| 650 | _aREGENERATION | ||
| 690 | _aPROPERTY-COMMERCIAL PROPERTY-COMMERCIAL PROPERTY MARKET | ||
| 942 | _n0 | ||
| 999 |
_c74313 _d74313 |
||